000 00402nam a2200157Ia 4500
008 230917s9999||||xx |||||||||||||| ||und||
040 _e181646
_aMAIN
041 _aEnglish
082 _a658.8 C472M(2)
100 _aChunawalla, S A
245 0 _aMarketing: Principles and practice
250 _a2nd ed.
260 _aNew Delhi
_bHimalaya Publishing House
_c2006
300 _a505 p.
942 _cBK
999 _c151137
_d151137